| 000 | 01196nam a2200313Ia 4500 | ||
|---|---|---|---|
| 001 | ebr10687073 | ||
| 003 | CaPaEBR | ||
| 006 | m u | ||
| 007 | cr cn||||||||| | ||
| 008 | 130111s2013 njua s 001 0 eng d | ||
| 010 | _z 2013000733 | ||
| 020 | _z9781118138274 (cloth) | ||
| 020 | _z9781118225288 (ebook) | ||
| 040 |
_aCaPaEBR _cCaPaEBR |
||
| 035 | _a(OCoLC)846997824 | ||
| 050 | 1 | 4 |
_aHF5415.1265 _b.Z367 2013eb |
| 082 | 0 | 4 |
_a658.8/72 _223 |
| 100 | 1 | _aZarrella, Dan. | |
| 245 | 1 | 0 |
_aScience of marketing _h[electronic resource] : _bwhen to tweet, what to post, how to blog, and other proven strategies / _cDan Zarrella. |
| 260 |
_aHoboken : _bWiley, _cc2013. |
||
| 300 |
_aix, 194 p. : _bill. |
||
| 500 | _aIncludes index. | ||
| 533 |
_aElectronic reproduction. _bPalo Alto, Calif. : _cebrary, _d2013. _nAvailable via World Wide Web. _nAccess may be limited to ebrary affiliated libraries. |
||
| 650 | 0 |
_aInternet marketing _xSocial aspects. |
|
| 650 | 0 | _aSocial media. | |
| 655 | 7 |
_aElectronic books. _2local |
|
| 710 | 2 | _aebrary, Inc. | |
| 856 | 4 | 0 |
_uhttp://site.ebrary.com/lib/rucke/Doc?id=10687073 _zAn electronic book accessible through the World Wide Web; click to view |
| 999 |
_c13105 _d13105 |
||